NBA Finals MVP's - Statistics

General Stats
  • This quiz has been taken 97 times
  • The average score is 14 of 19
Answers on the Grid
Answers color-coded by a green-red scale on the quiz's grid according to % correct below.
Michael Jordan
Lebron James
Andre Iguodala
Russel Westbrook
Scottie Pippen
Kevin Durant
Donovan Mitchell
Jayson Tatum
Shaquille Oneal
Dirk Nowitzki
Luka Doncic
Stephen Curry
Jaylen Brown
Kawhi Leonard
Dwayne Wade
Tim Duncan
Chauncy Billups
Tracy McGrady
Joe Dumars
James Worthy
Isiah Thomas
Chris Paul
James Harden
Steve Nash
Kevin Garnett
Tony Parker
Magic Johnson
Nikola Jokic
Giannis Antetokounmpo
Jimmy Butler
 
Answer Stats
Answer % Correct
Lebron James
100%
Michael Jordan
98%
Andre Iguodala
91%
Kevin Durant
81%
Stephen Curry
81%
Shaquille Oneal
79%
Tim Duncan
79%
Dirk Nowitzki
77%
Jaylen Brown
77%
Kawhi Leonard
74%
Dwayne Wade
72%
Chauncy Billups
70%
Isiah Thomas
67%
James Worthy
65%
Nikola Jokic
60%
Giannis Antetokounmpo
58%
Joe Dumars
58%
Magic Johnson
58%
Tony Parker
58%
No matching quizzes found
Score Distribution
Percent of People with Each Score
Percentile by Number Answered
Your Score History
You have not taken this quiz